000 00747nam a22002057a 4500
003 OSt
005 20250820141518.0
008 241010b |||||||| |||| 00| 0 eng d
040 _c0
082 _aDPer 613.705 J826 January-December 2020 v. 91 n. 1-9
100 _aChap, Sarah.
_eauthor.
_966967
245 _aManaging stress and emotional wellbeing unit overview /
_cSarah Chap.
260 _aVirginia ;
_b American Alliance for Health ,
_c August 2020.
300 _aVolume 91, pages 50-52 :
_c28 cm.
500 _aThe Journal of Physical Education Recreation & Dance, vol. 91, no. 6, pages 50-52, August 2020.
650 0 _aMental health.
_947471
650 0 _aTeaching.
_937880
700 _aChap, Sarah.
_eauthor.
_966967
942 _2ddc
_cPER
999 _c22448
_d22448